[Event "Blankenburg op-A 18th"]
[Site "Blankenburg"]
[Date "2013.10.05"]
[Round "5"]
[White "Kasper, Mike"]
[Black "Hielscher, Ursula"]
[Result "0-1"]
[WhiteElo "1917"]
[BlackElo "1891"]
[PlyCount "60"]
[EventDate "2013.10.03"]
[EventType "swiss"]
[EventRounds "7"]
[EventCountry "GER"]
[SourceTitle "EXT 2015"]
[Source "ChessBase"]
[SourceDate "2014.11.20"]
[SourceVersion "1"]
[SourceVersionDate "2014.11.20"]
[SourceQuality "1"]

1. e4 e6 2. d4 d5 3. Nc3 Bb4 4. e5 Qd7 5. a3 Bxc3+ 6. bxc3 b6 7. Qg4 f5 8. Qh5+ Qf7 9. Qh3 Ba6 10. Bxa6 Nxa6 11. Qd3 Nb8 12. Ne2 Ne7 13. 0-0 0-0 14. c4 Nd7 15. cxd5 Nxd5 16. c4 Ne7 17. f4 Rad8 18. Qe3 Nb8 19. Bb2 Na6 20. Rad1 c5 21. Nc3 cxd4 22. Rxd4 Nc6 23. Rxd8 Rxd8 24. Nb5 Nc5 25. Nd6 Qe7 26. Qf3 Na5 27. Rd1 Ne4 28. Qd3 Qd7 29. g4 Nxc4 30. Qd4 Nexd6 0-1

[Event "GER MS-117 email"]
[Site "GER email"]
[Date "2010.12.25"]
[Round "?"]
[White "Egelhof, Hans Peter"]
[Black "Kasper, Mike"]
[Result "1/2-1/2"]
[WhiteElo "2013"]
[BlackElo "2046"]
[PlyCount "55"]
[EventDate "2010.12.30"]
[EventType "tourn (corr)"]
[EventRounds "6"]
[EventCountry "GER"]
[SourceTitle "Corr 2015"]
[Source "ChessBase"]
[SourceDate "2015.07.17"]
[SourceVersion "1"]
[SourceVersionDate "2015.07.17"]
[SourceQuality "1"]
[WhiteTeam "Germany"]
[BlackTeam "Germany"]
[WhiteTeamCountry "GER"]
[BlackTeamCountry "GER"]

1. Nf3 Nf6 2. g3 c5 3. Bg2 d5 4. 0-0 Nc6 5. d4 e6 6. c4 dxc4 7. dxc5 Qxd1 8. Rxd1 Bxc5 9. Nbd2 c3 10. bxc3 0-0 11. Nb3 Be7 12. Nfd4 Nxd4 13. cxd4 Nd5 14. Na5 Bb4 15. Nc4 h6 16. Bd2 Bxd2 17. Rxd2 Rb8 18. Rc1 Rd8 19. e4 Ne7 20. d5 exd5 21. exd5 Kf8 22. h3 Nf5 23. g4 Nd6 24. f4 Nxc4 25. Rxc4 b5 26. Rc7 a5 27. d6 Bd7 28. Bb7 1/2-1/2

[Event "GER MS-116 email"]
[Site "GER email"]
[Date "2010.11.23"]
[Round "?"]
[White "Boehnke, Hartmut"]
[Black "Kasper, Mike"]
[Result "1-0"]
[WhiteElo "2019"]
[BlackElo "2047"]
[PlyCount "121"]
[EventDate "2010.11.30"]
[EventType "tourn (corr)"]
[EventRounds "6"]
[EventCountry "GER"]
[SourceTitle "Corr 2015"]
[Source "ChessBase"]
[SourceDate "2015.07.17"]
[SourceVersion "1"]
[SourceVersionDate "2015.07.17"]
[SourceQuality "1"]
[WhiteTeam "Germany"]
[BlackTeam "Latvia"]
[WhiteTeamCountry "GER"]
[BlackTeamCountry "LAT"]

1. e4 c5 2. Nf3 a6 3. c3 d5 4. exd5 Qxd5 5. d4 e6 6. Be2 Nf6 7. 0-0 cxd4 8. Nxd4 Be7 9. Bf3 Qd6 10. Re1 0-0 11. Bg5 Qc7 12. Nd2 Bd7 13. Ne4 Nd5 14. Bxe7 Nxe7 15. Qd3 Ng6 16. Rad1 Nc6 17. Bh5 Rad8 18. Bxg6 hxg6 19. Ng5 f6 20. Ngxe6 Bxe6 21. Rxe6 Qf7 22. Rde1 Ne5 23. Qh3 Rfe8 24. Rxe8+ Rxe8 25. b3 b5 26. Kf1 g5 27. Qf5 Rd8 28. Nf3 Nxf3 29. Qxf3 Qd7 30. Qe2 Kf7 31. c4 Rc8 32. cxb5 Qxb5 33. Qxb5 axb5 34. a4 Rc3 35. a5 Rxb3 36. Ra1 Rc3 37. Ke2 Ke7 38. Kd2 Rc8 39. Rb1 Rb8 40. Kc3 Kd6 41. Kb4 Kc6 42. Rc1+ Kb7 43. Rc5 Re8 44. Kxb5 Re2 45. Rf5 Rc2 46. g3 Re2 47. h4 gxh4 48. gxh4 Rb2+ 49. Kc5 Kc7 50. h5 Ra2 51. Kb5 Kb7 52. h6 gxh6 53. Rxf6 h5 54. Rf7+ Kb8 55. f4 Rb2+ 56. Kc6 Rf2 57. Kd5 h4 58. Ke5 h3 59. Rh7 h2 60. a6 Ra2 61. Kf5 1-0

[Event "GER MS-116 email"]
[Site "GER email"]
[Date "2010.11.23"]
[Round "?"]
[White "Kasper, Mike"]
[Black "Herzog, Klaus"]
[Result "1-0"]
[WhiteElo "2047"]
[BlackElo "1862"]
[PlyCount "53"]
[EventDate "2010.11.30"]
[EventType "tourn (corr)"]
[EventRounds "6"]
[EventCountry "GER"]
[SourceTitle "Corr 2015"]
[Source "ChessBase"]
[SourceDate "2015.07.17"]
[SourceVersion "1"]
[SourceVersionDate "2015.07.17"]
[SourceQuality "1"]
[WhiteTeam "Germany"]
[BlackTeam "Latvia"]
[WhiteTeamCountry "GER"]
[BlackTeamCountry "LAT"]

1. e4 e5 2. Nf3 Nc6 3. Bc4 Bc5 4. 0-0 Nf6 5. d4 Bxd4 6. Nxd4 Nxd4 7. f4 d6 8. c3 Bg4 9. Qd2 Nc6 10. f5 Na5 11. Bd3 d5 12. Qf2 dxe4 13. Bc2 Bh5 14. Na3 Qd5 15. h3 Nc6 16. g4 Bxg4 17. hxg4 Nxg4 18. Qe2 Qc5+ 19. Kg2 h5 20. Bxe4 0-0-0 21. Nc4 b5 22. Na3 a6 23. Nc2 Rd6 24. Be3 Nxe3+ 25. Qxe3 Qxe3 26. Nxe3 Ne7 27. a4 1-0

[Event "GER MS-116 email"]
[Site "GER email"]
[Date "2010.11.23"]
[Round "?"]
[White "Kasper, Mike"]
[Black "Philippeit, Boris"]
[Result "1/2-1/2"]
[WhiteElo "2047"]
[BlackElo "1964"]
[PlyCount "52"]
[EventDate "2010.11.30"]
[EventType "tourn (corr)"]
[EventRounds "6"]
[EventCountry "GER"]
[SourceTitle "Corr 2015"]
[Source "ChessBase"]
[SourceDate "2015.07.17"]
[SourceVersion "1"]
[SourceVersionDate "2015.07.17"]
[SourceQuality "1"]
[WhiteTeam "Germany"]
[BlackTeam "Latvia"]
[WhiteTeamCountry "GER"]
[BlackTeamCountry "LAT"]

1. e4 c5 2. Na3 b6 3. g3 Bb7 4. Bg2 Nf6 5. d3 g6 6. Nf3 Bg7 7. 0-0 d6 8. Nc4 0-0 9. e5 dxe5 10. Ncxe5 Nc6 11. Re1 Nxe5 12. Nxe5 Bxg2 13. Kxg2 Nd5 14. Qe2 Nb4 15. a3 Qd5+ 16. Nf3 Nc6 17. Qe4 Rad8 18. Rb1 e6 19. Bg5 Rd7 20. Qxd5 Rxd5 21. Be3 Nd4 22. Rec1 Rc8 23. Nd2 b5 24. c4 bxc4 25. dxc4 Rdd8 26. Ne4 f5 1/2-1/2

[Event "Berlin Hellersdorf op"]
[Site "Berlin"]
[Date "2010.01.09"]
[Round "2"]
[White "Gressmann, Moritz"]
[Black "Kasper, Mike"]
[Result "1-0"]
[WhiteElo "1491"]
[BlackElo "1774"]
[PlyCount "81"]
[EventDate "2010.01.08"]
[EventType "swiss"]
[EventRounds "5"]
[EventCountry "GER"]
[SourceTitle "EXT 2012"]
[Source "ChessBase"]
[SourceDate "2011.11.24"]
[SourceVersion "1"]
[SourceVersionDate "2011.11.24"]
[SourceQuality "1"]

1. e4 c5 2. Nf3 d6 3. d4 cxd4 4. Nxd4 Nf6 5. Nc3 a6 6. Be2 g6 7. Be3 Bg7 8. 0-0 0-0 9. Qd2 Ng4 10. Bxg4 Bxg4 11. h3 Bd7 12. Bh6 Nc6 13. Bxg7 Kxg7 14. Nd5 Rc8 15. f4 e6 16. Nxc6 bxc6 17. Ne3 d5 18. f5 exf5 19. exf5 f6 20. Kh1 Qb6 21. b3 Rce8 22. Rae1 g5 23. Re2 Qc5 24. b4 Qd6 25. c4 d4 26. Rd1 Re4 27. Nc2 Rxe2 28. Qxe2 Re8 29. Qd3 Qf4 30. Rf1 Re3 31. Nxe3 Qxe3 32. Qxe3 dxe3 33. Re1 Bxf5 34. Rxe3 Kf7 35. g4 Bb1 36. a4 Bc2 37. b5 axb5 38. axb5 cxb5 39. cxb5 Ba4 40. b6 h5 41. Kh2 1-0

[Event "Pardubice KV op"]
[Site "Pardubice"]
[Date "2010.??.??"]
[Round "3"]
[White "Kasper, Mike"]
[Black "Klecker, Tadeas"]
[Result "0-1"]
[WhiteElo "1940"]
[BlackElo "2220"]
[PlyCount "56"]
[EventDate "2010.07.??"]
[EventType "swiss"]
[EventRounds "7"]
[EventCountry "CZE"]
[SourceTitle "EXT 2012"]
[Source "ChessBase"]
[SourceDate "2011.11.24"]
[SourceVersion "1"]
[SourceVersionDate "2011.11.24"]
[SourceQuality "1"]

1. e4 c5 2. Na3 Nc6 3. Bb5 g6 4. c3 Bg7 5. Nf3 Nf6 6. d3 0-0 7. 0-0 Qc7 8. Bxc6 Qxc6 9. Ne5 Qc7 10. f4 d5 11. Qf3 dxe4 12. dxe4 a6 13. g4 b5 14. g5 Ne8 15. Ng4 Bb7 16. Be3 Nd6 17. Nf2 f5 18. gxf6 exf6 19. Rad1 f5 20. Qh3 Nxe4 21. Nxe4 Bxe4 22. b4 cxb4 23. cxb4 Rfd8 24. Rc1 Qf7 25. Rfd1 Bb2 26. Bb6 Bxc1 27. Rxd8+ Rxd8 28. Bxd8 Qxa2 0-1

[Event "Pardubice KV op"]
[Site "Pardubice"]
[Date "2010.??.??"]
[Round "1"]
[White "Lapcik, Zdenek"]
[Black "Kasper, Mike"]
[Result "1/2-1/2"]
[WhiteElo "1757"]
[BlackElo "1940"]
[PlyCount "62"]
[EventDate "2010.07.??"]
[EventType "swiss"]
[EventRounds "7"]
[EventCountry "CZE"]
[SourceTitle "EXT 2012"]
[Source "ChessBase"]
[SourceDate "2011.11.24"]
[SourceVersion "1"]
[SourceVersionDate "2011.11.24"]
[SourceQuality "1"]

1. d4 e6 2. Nf3 d5 3. c4 Nf6 4. c5 b6 5. cxb6 cxb6 6. Nc3 Be7 7. Bg5 0-0 8. g3 h6 9. Be3 Nc6 10. a3 Bd7 11. Bg2 Rc8 12. 0-0 Na5 13. Nd2 b5 14. Rc1 Nc4 15. Nxc4 bxc4 16. h3 Rb8 17. Rb1 Qa5 18. Qc2 Rb3 19. Rfd1 Ba4 20. Nxa4 Qxa4 21. Bd2 Rxa3 22. Qxa4 Rxa4 23. Ra1 Rxa1 24. Rxa1 Ra8 25. Bc3 Ne8 26. e4 Nc7 27. exd5 Nxd5 28. Bxd5 exd5 29. Ra5 Bf6 30. Rxd5 Rd8 31. Rxd8+ Bxd8 1/2-1/2

[Event "GER HS-066 email"]
[Site "GER email"]
[Date "2009.10.18"]
[Round "?"]
[White "Hueser, Udo"]
[Black "Kasper, Mike"]
[Result "0-1"]
[WhiteElo "1852"]
[BlackElo "1966"]
[PlyCount "94"]
[EventDate "2009.10.22"]
[EventType "tourn (corr)"]
[EventRounds "6"]
[EventCountry "GER"]
[SourceTitle "Corr 2013"]
[Source "ChessBase"]
[SourceDate "2012.11.12"]
[SourceVersion "1"]
[SourceVersionDate "2012.11.12"]
[SourceQuality "1"]

1. e4 e6 2. d4 d5 3. Nc3 Bb4 4. e5 c5 5. a3 Bxc3+ 6. bxc3 Ne7 7. Nf3 Qc7 8. h4 Bd7 9. h5 Ba4 10. Bd3 cxd4 11. cxd4 Qc3+ 12. Bd2 Qxd3 13. cxd3 Bxd1 14. Rxd1 h6 15. Rb1 b6 16. Rb2 Nbc6 17. Rc2 Kd7 18. Ke2 Nf5 19. Bc3 Rac8 20. Rb2 f6 21. Kd2 Rhg8 22. Rc1 fxe5 23. dxe5 g5 24. hxg6 Rxg6 25. g3 d4 26. Bb4 a5 27. Bd6 Nxd6 28. exd6 Rf6 29. Ke2 Rcf8 30. Nd2 Rxf2+ 31. Kd1 R8f3 32. Rxb6 Rxd3 33. Rc2 Rg2 34. Rcxc6 Rgxd2+ 35. Ke1 Rc3 36. Rc7+ Rxc7 37. dxc7 Rc2 38. Ra6 Rxc7 39. Rxa5 Kd6 40. Rh5 e5 41. Rxh6+ Kd5 42. g4 e4 43. Rh5+ Kd6 44. Rh8 Ke5 45. Re8+ Kf4 46. Kd2 Rc3 47. Rf8+ Kxg4 0-1

[Event "GER HS-066 email"]
[Site "GER email"]
[Date "2009.10.18"]
[Round "?"]
[White "Sharf"]
[Black "Kasper, Mike"]
[Result "1/2-1/2"]
[WhiteElo "2123"]
[BlackElo "1966"]
[PlyCount "83"]
[EventDate "2009.10.22"]
[EventType "tourn (corr)"]
[EventRounds "6"]
[EventCountry "GER"]
[SourceTitle "Corr 2013"]
[Source "ChessBase"]
[SourceDate "2012.11.12"]
[SourceVersion "1"]
[SourceVersionDate "2012.11.12"]
[SourceQuality "1"]

1. d4 Nf6 2. c4 g6 3. Nc3 Bg7 4. e4 d6 5. Nf3 0-0 6. Be2 e5 7. 0-0 Nc6 8. d5 Ne7 9. Be3 Ng4 10. Bg5 h6 11. Bd2 f5 12. Nh4 Nf6 13. exf5 g5 14. Ng6 Nxg6 15. fxg6 Bf5 16. Be3 Bxg6 17. Qd2 a6 18. Rae1 Qd7 19. Bd3 Bxd3 20. Qxd3 Rae8 21. f3 b6 22. b3 Nh5 23. Qc2 Nf4 24. g3 Nh5 25. Kg2 Nf6 26. Bd2 Re7 27. Qd3 Ref7 28. Re2 Kh8 29. Ref2 Ng8 30. g4 Ne7 31. Kg1 Rg8 32. Ne4 Bf8 33. Ng3 Ng6 34. h3 Nh4 35. Nh5 c5 36. Bc3 Bg7 37. Re2 Bf6 38. Be1 Ng6 39. a3 Bd8 40. Bg3 b5 41. Kh2 Rff8 42. Rc2 1/2-1/2